Catálogo
 En Linea

1915. El año más largo del Imperio Otomano : (Registro nro. 48344)

Detalles MARC
000 -CABECERA
campo de control de longitud fija 01202nam a2200265 u 4500
001 - NÚMERO DE CONTROL
campo de control 000048856
005 - FECHA Y HORA DE LA ÚLTIMA TRANSACCIÓN
campo de control 20201002061448.0
008 - DATOS DE LONGITUD FIJA--INFORMACIÓN GENERAL
campo de control de longitud fija 100813s2016 dr a 000 0 spa d
020 ## - NÚMERO INTERNACIONAL ESTÁNDAR DEL LIBRO
Número Internacional Estándar del Libro 9789945598070
040 ## - FUENTE DE LA CATALOGACIÓN
Centro catalogador/agencia de origen DO-SdBNP
Lengua de catalogación spa
Centro/agencia transcriptor BNPHU
082 ## - NÚMERO DE LA CLASIFICACIÓN DECIMAL DEWEY
Número de clasificación 956.102
Número de documento/Ítem M637no
245 00 - MENCIÓN DE TÍTULO
Título 1915. El año más largo del Imperio Otomano :
Resto del título el resurgir de una potencia /
Mención de responsabilidad, etc. editores Öznur Seckin, Luis González.
246 00 - FORMA VARIANTE DE TÍTULO
Título propio/Titulo breve Mil novecientos quince. El año más largo del Imperio Otomano : el resurgir de una potencia
260 ## - PUBLICACIÓN, DISTRIBUCIÓN, ETC.
Lugar de publicación, distribución, etc. Santo Domingo :
Nombre del editor, distribuidor, etc. Argos,
Fecha de publicación, distribución, etc. 2016.
300 ## - DESCRIPCIÓN FÍSICA
Extensión 286 p. :
Otras características físicas retrs. ;
Dimensiones 23 cm.
500 ## - NOTA GENERAL
Nota general Incluye datos biográficos de los editores en las solapas
500 ## - NOTA GENERAL
Nota general Incluye referencias bibliográficas y notas al pie de las páginas
504 ## - NOTA DE BIBLIOGRAFÍA, ETC.
Nota de bibliografía, etc. Bibliografía : p. 271-283
590 ## - NOTA LOCAL (RLIN)
Nota local Inventariado, 2019/YL
650 #4 - PUNTO DE ACCESO ADICIONAL DE MATERIA--TÉRMINO DE MATERIA
Término de materia o nombre geográfico como elemento de entrada Guerra mundial i, 1914-1918
Subdivisión general Campañas
Subdivisión geográfica Turquía
Subdivisión de forma CONGRESOS, CONFERENCIAS, ETC.
9 (RLIN) 43115
651 #4 - PUNTO DE ACCESO ADICIONAL DE MATERIA--NOMBRE GEOGRÁFICO
Nombre geográfico Império Otomano
Subdivisión general Historia
Subdivisión de forma CONGRESOS, CONFERENCIAS, ETC.
9 (RLIN) 43116
651 #4 - PUNTO DE ACCESO ADICIONAL DE MATERIA--NOMBRE GEOGRÁFICO
Nombre geográfico Turquía
Subdivisión general Historia
Subdivisión cronológica IMPERIO OTOMANO, 1288-1918
Subdivisión de forma CONGRESOS, CONFERENCIAS, ETC.
9 (RLIN) 43117
700 12 - PUNTO DE ACCESO ADICIONAL--NOMBRE DE PERSONA
Nombre de persona Seckin, Öznur
Término indicativo de función/relación ed.
9 (RLIN) 76303
700 12 - PUNTO DE ACCESO ADICIONAL--NOMBRE DE PERSONA
Nombre de persona González, Luis
Término indicativo de función/relación ed.
9 (RLIN) 33604
Existencias
Estado de retiro Estado de pérdida Restricciones de uso No para préstamo Código de colección Localización permanente Ubicación/localización actual Ubicación en estantería Fecha de adquisición Número de inventario Total de préstamos Signatura topográfica completa Código de barras Fecha visto por última vez Número de copia Precio válido a partir de Tipo de ítem Koha
        Dominicana de Servicio General General Depósito 22.04.2019 LF1   956.102 M637no 48856-30 25.06.2020 e.3 25.06.2020 Libro y Folleto Colección Dominicana de Servicio
      Excluido de préstamo Patrimonio Dominicano Patrimonio Dominicano Patrimonio Dominicano Depósito 22.04.2019 LF1   956.102 M637no 48856-10 25.06.2020   25.06.2020 Libro y Folleto Colección Patrimonio Dominicano
      Excluido de préstamo Patrimonio Dominicano Patrimonio Dominicano Patrimonio Dominicano Depósito 22.04.2019 LF1   956.102 M637no 48856-20 25.06.2020 e.2 25.06.2020 Libro y Folleto Colección Patrimonio Dominicano

Con tecnología Koha